Memimpin diri sendiri

Bibliographic Details
Main Author: Ahmad Zabidi Abdul Razak (Author)
Format: Book
Language:Malay
Published: Pahang : PTS Publications & Distributors Sdn. Bhd. 2003
Series:Siri motivasi
Subjects:

MARC

LEADER 00000cam a2200000 7i4500
001 0000015967
005 20241024.0
008 240827 my a may
020 |a 9831924088 (pbk) 
040 |a INS   |b eng   |e rda 
090 0 0 |a BF637.S4   |b .A36 2003 
100 0 |a Ahmad Zabidi Abdul Razak ,   |e author 
245 1 0 |a Memimpin diri sendiri   |c Ahmad Zabidi Abdul Razak 
264 1 |a Pahang :   |b PTS Publications & Distributors Sdn. Bhd.   |c 2003 
264 4 |c ©2003 
300 |a ii, 155 pages :   |b illustrations ;   |c 23 cm. 
336 |a text  |2 rdacontent 
337 |a unmediated  |2 rdamedia 
338 |a volume  |2 rdacarrier 
490 0 |a Siri motivasi 
504 |a Includes bibliographical references 
650 0 |a Self   |x Actualization (Psychology) 
650 0 |a Self   |x Help techniques 
999 |a 0000015919   |b BOOK   |c Open Shelf   |e Default branch